|
|
|
|
| LEADER |
01429nam a22003972a 4500 |
| 001 |
000124096 |
| 003 |
CZ BrMZK |
| 005 |
20070411104957.0 |
| 007 |
ta |
| 008 |
950101s1986 xr f cze d |
| 015 |
|
|
|a cnb000015112
|
| 035 |
|
|
|a (OCoLC)39437168
|
| 040 |
|
|
|a BOA001
|b cze
|
| 041 |
1 |
|
|a cze
|h rus
|
| 080 |
9 |
|
|a 882-32
|
| 100 |
1 |
|
|a Kaverin, Veniamin Aleksandrovič,
|d 1902-1989
|7 jn19990210320
|4 aut
|
| 245 |
1 |
0 |
|a Konec zapadáku /
|c Veniamin Alexandrovič Kaverin ; z ruského originálu ... přeložili Jiřina Miklušáková, Jaroslav a Vlasta Tafelovi
|
| 250 |
|
|
|a 1. vyd. tohoto souboru
|
| 260 |
|
|
|a Praha :
|b Vyšehrad,
|c 1986
|
| 300 |
|
|
|a 127 s. ;
|c 21 cm
|
| 500 |
|
|
|a Frontispis
|
| 500 |
|
|
|a 9000 výt.
|
| 505 |
0 |
|
|a Konec zapadáku -- Sud -- Vysoká hra
|
| 700 |
1 |
|
|a Tafel, Jaroslav,
|d 1929-1973
|7 jk01132001
|4 trl
|
| 700 |
1 |
|
|a Tafelová, Vlasta,
|d 1920-2006
|7 jk01132003
|4 trl
|
| 700 |
1 |
|
|a Miklušáková, Jiřina,
|d 1935-
|7 jk01081556
|4 trl
|
| 740 |
0 |
2 |
|a Konec zapadáku
|
| 740 |
0 |
2 |
|a Sud
|
| 740 |
0 |
2 |
|a Vysoká hra
|
| 765 |
0 |
|
|t Konec chazy
|9 Česky
|
| 765 |
0 |
|
|t Bočka
|9 Česky
|
| 765 |
0 |
|
|t Bol'šaja igra
|9 Česky
|
| 856 |
4 |
1 |
|u http://www.digitalniknihovna.cz/mzk/uuid/uuid:c3226400-2f69-11e4-8f64-005056827e52
|y Digitalizovaný dokument
|x NDK
|
| 910 |
|
|
|a BOA001
|b 2-0905.855
|
| 990 |
|
|
|a BK
|
| 996 |
6 |
|
|b 2619971537
|c 2-0905.855
|l MZK
|r Sklad / do 1 hodiny
|n 1
|w 000124096
|u 000010
|a 1
|e BOA001
|j MZK50
|s P
|